000 00911nam a2200241Ia 4500
003 GCL
005 20240530095331.0
008 140319s9999 xx 000 0 ara d
040 _aGCL /
_cGCL
082 0 4 _a344.02
_bع ق
245 1 0 _aقانون التأمين الاجتماعى والقوانين والقرارات المكملة له طبقا لاحدث التعديلات /
_cعبدالفتاح مراد
260 _aالقاهرة :
300 _a607 ص ؛
_c20 سم
650 0 4 _aمعاشات الشيخوخة
650 0 4 _aالتشريعات الاجتماعية
650 0 4 _aالتامين الاجتماعى
650 0 4 _aالتامين الاجتماعى - مصر
650 0 4 _aالتامين الصحى
650 0 4 _aالتامين ضد البطالة
650 0 4 _aالتامين على الحياة
650 0 4 _aالتامين الاجتماعى - قضايا
942 _2ddc
_cBK
999 _c6253
_d6253